000 00212 a2200097 4500
020 _a8440604939
041 _aspa
100 _aBisset, Donald
245 _aLas alegres aventuras del Capitan Serpiente
942 _cBK
999 _c28572
_d28572